| 000 | 00514cam a2200193ua 4500 | ||
|---|---|---|---|
| 020 | _c7.00 | ||
| 041 |
_amal _h |
||
| 082 |
_a330.1 _bSAR/SA |
||
| 100 | _aSarnghadharan, M . | ||
| 245 |
_aSampathika vriddiyudeyum vikasathinteyum siddantham / _cM Sarnghadhran. _hTextual Documents |
||
| 250 |
_a1 / _b. |
||
| 260 |
_aThiruvananthapuram : _bState Instititute of Languages , _c1973. |
||
| 300 | _a221 ; . | ||
| 365 | _a7.00 | ||
| 504 | _a | ||
| 942 | _cBK | ||
| 999 |
_c6007 _d6007 |
||